Razón de Lluvia /

محفوظ في:
التفاصيل البيبلوغرافية
المؤلف الرئيسي: Cortés, Roberto
التنسيق: غير معروف
اللغة:Spanish
منشور في: San José, Costa Rica : [editor no identificado], 1968.
الموضوعات:
الوسوم: إضافة وسم
لا توجد وسوم, كن أول من يضع وسما على هذه التسجيلة!

MARC

LEADER 000000000a22000000004500
001 003096
041 0 |a spa 
082 0 4 |a CR861.44   |b C828r 
100 1 |a Cortés, Roberto 
245 1 0 |a Razón de Lluvia /   |c Roberto Cortés. 
260 1 |a San José, Costa Rica :   |b [editor no identificado],   |c 1968. 
300 |a 44 páginas ;   |c 21x11 cm. 
650 4 |a LITERATURA COSTARRICENSE 
650 4 |a POESIA 
999 |c 9401  |d 9401 
942 |c BK  |h CR861.44 C828r  |2 z